• 首页
  • 本馆介绍
  • 公告通知
  • 最新文献
  • 馆藏检索
  • 电子资源
  • 读者导购
  • 参考咨询
  • 我的图书馆
  • 登录
  • 详细信息显示
  • 放入我的书架
  • 预约/预借图书
  • 作者相关作品
  • 分类相关作品
  • 丛书相关作品
  • 出版社相关作品

书目信息

  • 表格格式
  • 工作单格式
  • 卡片格式
题名:
速记自学指南
    
 
作者: 白昌文 著
分册:  
出版信息: 北京   群众出版社  1984
页数: 60页
开本: 13cm
丛书名:
单 册:
中图分类: H126.1
科图分类:
主题词: 中文-速记 , 速记-中文
电子资源:
ISBN:
000 00615nam0 2200241 45
001 0184003368
005 20060317091657.25
010    @dCNY0.15
091    @a9067.2
100    @a19950524d1984 em y0chiy0121 ea
101 0  @achi
102    @aCN@b110000
105    @ay z 000yy
200 10 @a速记自学指南@Asu ji zi xue zhi nan@f白昌文著@Fbai chang wen zhu
210    @a北京@c群众出版社@d1984
215    @a60页@d13cm
606    @a中文-速记
606    @a速记-中文
690    @aH126.1@v3
701  0 @a白昌文@Abai chang wen@4著
801  2 @aCN@bNLC@c20060317
801  0 @aCN@bTSSF
905    @a10447@dH126.1@e13
    
    速记自学指南/白昌文著.-北京:群众出版社,1984
    60页;13cm
    
    
    ISBN :CNY0.15
    
●
相关链接 在E读中查询图书 在五车中查询图书 在当当中查询图书 在豆瓣中查询图书


正题名:速记自学指南     索取号:H126.1/13         预约/预借

序号 登录号 条形码 馆藏地/架位号 状态 备注
1 0111655   202207174   第二样本阅览室/ [索取号:H126.1/13] 在馆    
2 0111657   202207254   密集书库/ [索取号:H126.1/13] 在馆    
3 0111658   202207138   密集书库/ [索取号:H126.1/13] 在馆    
4 0111659   202207218   密集书库/ [索取号:H126.1/13] 在馆    
唐山师范学院图书馆 欢迎您!
大连网信软件有限公司© 版权所有